000
00274nam a22001217a 4500
003
SGT
082
_a
519.2,XAV
100
_a
XAVLER EVGENE
245
_a
PROBABILITY THEORY AND RANDOM PROCESSES
260
_b
CHAD AND COMPANY PUB.
_c
1998
300
_a
270
942
_2
ddc
_c
RARE
999
_c
34687
_d
34687